000 00853nab a2200253uu 4500
001 14129
003 HDC
007 cr aa aaaau
008 210214p2005 my ||||| |||| 00| 0 eng d
040 _aHDC
100 _aRamli Abdullah
_eauthor
_914187
245 0 _aPrices of Selected Oils and Fats in 2004 and 2005 / by
_cRamli Abdullah
260 _aKuala Lumpur :
_bMalaysian Palm Oil Board,
_c2005
300 _a1 online resource (3 pages )
336 _atext
_2rdacontent
337 _acomputer
_2rdamedia
338 _aonline resource
_2rdacarrier
650 _aOils and Fats
_914170
650 _aPalm Oil
_9212
856 _zRequest full-text at [email protected]
942 _2lcc
942 _cAR
942 _kJART 003373
999 _c11445
_d11445